1787 1490 1288 1351 1775 1977 1978 1083 1135 1885 1340 1178 1818 1625 1551 1978 1890 1352 1517 1731 1037 1442 1058 1308 1156 1652 1976 1300 1737 1598 1500 1626 1042 1567 1682 1853 1005 1736 1821 1258 1237 1473 1740 1005 1699 1765 1179 1588 1369 1782 1453 1771 1929 1522 1551 1726 1690 2000 1973 1907 1609 1871 1061 1009 1613 1481 1426 1525 1759 1104 1827 1097 1028 1947 1102 1673 1524 1498 1001 1015 1300 1681 1748 1081 1252 1817 1015 1595 1010 1045 1394 1823 1260 1504 1829 1876 1015 1855 1763 BCNSPRNW ULIB Ver.6.0+V

เปลี่ยนเป็นภาษาไทย

Change to English
 แสดงรายละเอียดบรรณานุกรม
  กลับหน้าหลัก

Brief Record : Get Marc (ISO 2709) : E-mail record : QR code < ปิดหน้าต่าง
LEADER : 00000nam 2200000uu 4500
001    13399111428
003     ULIB
008    110624s||||||||th 000 0 tha d
020    9786117149016
050  4 BQ4190^bว357ค 2552
100 0  วศิน อินทสระ
245 10 ความเข้าใจเกี่ยวกับการปฏิบัติธรรม /^cวศิน อินทสระ
250    พิมพ์ครั้งที่ 1
260    กรุงเทพฯ :^bธรรมดา,^c2552
300    141, [3] หน้า :^bภาพประกอบ ;^c21 ซม
650  7 การปฏิบัติธรรม
945    ^p90^l0^i026441
995    ทศพร
999 ^a ใช้งานได้ทุกระบบ
รายการนี้ยังไม่มีแท็ก
คุณยังไม่ได้ล็อกอิน คุณสามารถมีกิจกรรมร่วมกับเว็บไซต์ได้ แต่ต้องล็อกอินก่อน ::
  ล็อกอิน

รายการสื่อสารสนเทศ

ลำดับที่ ประเภท เลขเรียก/บาร์โค้ด สถานที่ สถานะ
- ไม่พบข้อมูล -

รายการใกล้เคียง
    ผู้แต่ง [วศิน อินทสระ]

    หัวเรื่อง [การปฏิบัติธรรม]

BibComment


ยังไม่เคยถูกคอมเมนท์

คอมเมนท์ทรัพยากรรายการนี้
  คอมเมนท์: ความเข้าใจเกี่ยวก..


 Copyright 2026. Bcnsprnw @Library